De los bárbaros al renacimiento
Đã lưu trong:
| Những tác giả chính: | , , |
|---|---|
| Định dạng: | Sách |
| Ngôn ngữ: | Tiếng Tây Ban Nha |
| Được phát hành: |
Madrid
Akal
1994
|
| Phiên bản: | 2a. ed |
| Loạt: | Colección Iniciación a la Historia
|
| Những chủ đề: | |
| Các nhãn: |
Thêm thẻ
Không có thẻ, Là người đầu tiên thẻ bản ghi này!
|
MARC
| LEADER | 00000nam a2200000 a 4500 | ||
|---|---|---|---|
| 001 | UCO4635 | ||
| 003 | CL-VaPUC | ||
| 008 | 000811e19940000SP |||||||||||||||||spa|d | ||
| 082 | 0 | 4 | |a 940.1 |b BAL |2 21 |
| 100 | 0 | |a Balard, Michel |e author |9 449267 | |
| 700 | 0 | |a Genet, Jean Philippe |e author |9 449268 | |
| 700 | 0 | |a Rouche, Michel |e author |9 449269 | |
| 245 | 1 | 0 | |a De los bárbaros al renacimiento |
| 250 | |a 2a. ed | ||
| 300 | |a 309 p | ||
| 942 | |c BK | ||
| 945 | |d 20000811 00:00:00 |a rbrito | ||
| 260 | |a Madrid |b Akal |c 1994 | ||
| 650 | 0 | |a Edad media |9 258041 | |
| 650 | 0 | |a Historia |9 255047 | |
| 650 | 0 | |a Bárbaros |9 401294 | |
| 650 | 0 | |a Feudalismo |9 313469 | |
| 650 | 0 | |a Política |9 255312 | |
| 650 | 0 | |a Economía |9 255568 | |
| 651 | 0 | |a Europa |9 255156 | |
| 583 | |a last modification |c 20000811 00:00:00 |k Rodrigo Vera | ||
| 490 | 0 | |a Colección Iniciación a la Historia | |
| 999 | |c 290660 |d 290658 | ||
| 952 | |0 0 |1 0 |4 0 |6 940_100000000000000_BAL_1994 |7 0 |8 A |9 340188 |a BIBHIS |b BIBHIS |d 2019-11-20 |i 3641007 |o 940.1 BAL 1994 |p 3641007 |r 2025-01-20 |w 2019-11-20 |y BK |k HIS | ||